000 00628nam a22001937a 4500
005 20251108164717.0
008 250721s1992 xx 000 0 ara d
082 1 4 _a811.90962/سعد
100 1 _aدعبيس، سعد
245 1 0 _aتيار رفض المجتمع في الشعر العربي الحديث في مصر 1930 - 1970 م /
264 1 _aالاسكندريه :
_bدار المعرفة الجامعية،
_c1992.
300 _a214ص
650 1 7 _aالشعر العربي
650 1 7 _aالتاريخ الأدبي
650 1 7 _aالنقد الأدبي
650 1 7 _aمصر
942 _2ddc
_cBK
999 _c12448
_d12448